000
00291nam a22001217a 4500
008
181126b xxu||||| |||| 00| 0 eng d
041
_a
eng
080
_2
3 th
_a
610
100
_a
3
101
_a
shm
245
_a
Health Care Delivery In The United States
_c
Jonas.S
942
_2
udc
_c
BK
999
_c
52468
_d
52468